1523 1467 1784 1286 1572 1890 1732 1910 1635 1975 1225 1899 1671 1022 1683 1508 1669 1242 1414 1392 1646 1782 1615 1102 1112 1792 1482 1079 1678 1328 1472 1566 1811 1592 1337 1211 1266 1360 1684 1132 1539 1134 1615 1173 1315 1654 1337 1927 1027 1373 1504 1348 1578 1652 1170 1058 1708 1730 1407 1615 1404 1509 1488 1890 1956 1882 1848 1229 1938 1687 1664 1817 1939 1693 1449 1067 1577 1596 1013 1581 1748 1428 1691 1020 1538 1736 1453 1572 1099 1737 1573 1403 1382 1214 1483 1365 1257 1827 1450 BCNSPRNW ULIB Ver.6.0+V

เปลี่ยนเป็นภาษาไทย

Change to English
 แสดงรายละเอียดบรรณานุกรม
  กลับหน้าหลัก

Brief Record : Get Marc (ISO 2709) : E-mail record : QR code < ปิดหน้าต่าง
LEADER : 00000nam 2200000uu 4500
001    13399121754
003     ULIB
008    121204s2555||||th 000 0 tha d
020    ^a978616000298
090    ^aนว.อ846ส
100    ^aอุมาริการ์
245    ^aสร้อยสะบันงา^cอุมาริการ์
260    ^aกรุงเทพฯ :^bพิมพ์คำ,^c2555
300    ^a502 หน้า
945    ^p280^l0^i033169
995    ^aเกษร
999    ^aใช้งานได้ทุกระบบ
รายการนี้ยังไม่มีแท็ก
คุณยังไม่ได้ล็อกอิน คุณสามารถมีกิจกรรมร่วมกับเว็บไซต์ได้ แต่ต้องล็อกอินก่อน ::
  ล็อกอิน

รายการสื่อสารสนเทศ

ลำดับที่ ประเภท เลขเรียก/บาร์โค้ด สถานที่ สถานะ
1. นวนิยาย
นวนิยาย
นว.อ846ส  
  Barcode: 033169
ห้องสมุดวิทยาเขตสวรรค์ประชารักษ์
►นวนิยาย
บนชั้น
  ขอยืม

รายการใกล้เคียง
    ผู้แต่ง [อุมาริการ์]

BibComment


ยังไม่เคยถูกคอมเมนท์

คอมเมนท์ทรัพยากรรายการนี้
  คอมเมนท์: สร้อยสะบันงา อุม..


 Copyright 2026. Bcnsprnw @Library